000 00494nam a22001697a 4500
999 _c160906
_d160906
005 20190216123414.0
010 _aA-424625
020 _a8171581137
_c550.00
035 _aA-424625
037 _bAkashdeep Publishing House
082 _a374.454
100 _aSharma, Sita Ram
245 _aDevelopment of adult education in India /
_cSita Ram Sharma
260 _aDelhi
_bAkashdeep Publishing House
_c1990
300 _a616p.
_e22cm(hbk)
942 _2ddc
_cEN
_h374.454
_mSHA